Mathematics for accountants and managers (Record no. 82744)

MARC details
000 -LEADER
fixed length control field 01053nam a2200193 a 4500
008 - FIXED-LENGTH DATA ELEMENTS--GENERAL INFORMATION
fixed length control field 120416s1974 ||||||||||||||||| || u
050 ## - LIBRARY OF CONGRESS CALL NUMBER
Classification number HF 5691 Dew
100 ## - MAIN ENTRY--PERSONAL NAME
Personal name Dewhurst, Roland F. James
245 10 - TITLE STATEMENT
Title Mathematics for accountants and managers
250 ## - EDITION STATEMENT
Edition statement 2nd.ed
260 ## - PUBLICATION, DISTRIBUTION, ETC.
Place of publication, distribution, etc. London
Name of publisher, distributor, etc. Heinemann
Date of publication, distribution, etc. 1974
300 ## - PHYSICAL DESCRIPTION
Extent xiv, 175p. : ill
350 ## -
-- 0.00
650 #0 - SUBJECT ADDED ENTRY--TOPICAL TERM
Topical term or geographic name entry element MATHEMATICS--HANDBOOKS, MANUALS, ETC
995 ## -
-- MAIN LIBRARY OPEN ACCESS
-- 0.00
-- 702770
-- CBU-MAIN LIBRARY (Kitwe)
-- 2
-- 3.10
-- HF 5691 Dew
-- 1
-- AVAILABLE
-- 006940
-- Main Library Open Access Collection
995 ## -
-- MAIN LIBRARY OPEN ACCESS
-- 0.00
-- 705504
-- CBU-MAIN LIBRARY (Kitwe)
-- 3
-- 3.10
-- HF 5691 Dew
-- 2
-- AVAILABLE
-- 006941
-- Main Library Open Access Collection
995 ## -
-- MAIN LIBRARY OPEN ACCESS
-- 0.00
-- 716404
-- CBU-MAIN LIBRARY (Kitwe)
-- 1
-- 3.10
-- HF 5691 Dew
-- 3
-- AVAILABLE
-- 006942
-- Main Library Open Access Collection
995 ## -
-- MAIN LIBRARY OPEN ACCESS
-- 0.00
-- 714180
-- CBU-MAIN LIBRARY (Kitwe)
-- 4
-- 3.10
-- HF 5691 Dew
-- 4
-- AVAILABLE
-- 006943
-- Main Library Open Access Collection
999 ## -
-- 82744
-- 82744
Holdings
Withdrawn status Lost status Source of classification or shelving scheme Damaged status Not for loan Permanent Location Current Location Shelving location Date acquired Total Checkouts Full call number Barcode Date last seen Date last checked out Copy number Price effective from Koha item type
          CBU-MAIN LIBRARY, KITWE. CBU-MAIN LIBRARY, KITWE.   09/29/2023 1 HF 5691 Dew 006940 02/27/2024 02/13/2024 1 09/29/2023 MONOGRAPH
          CBU-MAIN LIBRARY, KITWE. CBU-MAIN LIBRARY, KITWE.   09/29/2023   HF 5691 Dew 006941 09/29/2023   2 09/29/2023 MONOGRAPH
          CBU-MAIN LIBRARY, KITWE. CBU-MAIN LIBRARY, KITWE.   09/29/2023   HF 5691 Dew 006942 09/29/2023   3 09/29/2023 MONOGRAPH
          CBU-MAIN LIBRARY, KITWE. CBU-MAIN LIBRARY, KITWE.   09/29/2023   HF 5691 Dew 006943 09/29/2023   4 09/29/2023 MONOGRAPH